000 00267nam a22001097a 4500
008 170104b xxu||||| |||| 00| 0 eng d
020 _a9781582553443
041 _aeng
080 _a618.2
245 _a2005 LIPPINCOTT'S NURSING DRUG GUIDE
_cKarch, A.M
942 _2udc
_cBK
999 _c2523
_d2523